|
|
|
|
| LEADER |
01474nam a2200349 a 4500 |
| 001 |
000756530 |
| 003 |
CZ BrMZK |
| 005 |
20090728100239.0 |
| 007 |
ta |
| 008 |
041220s2004 xr ad erp 000 0 cze d |
| 015 |
|
|
|a cnb001489677
|
| 020 |
|
|
|a 80-248-0700-9
|q (brož.)
|
| 035 |
|
|
|a (OCoLC)85130372
|
| 040 |
|
|
|a BOA001
|b cze
|
| 072 |
|
7 |
|a 502
|x Životní prostředí a jeho ochrana
|2 Konspekt
|9 2
|
| 072 |
|
7 |
|a 37.016
|x Učební osnovy. Vyučovací předměty. Učebnice
|2 Konspekt
|9 22
|
| 080 |
|
|
|a 502:60
|2 MRF
|
| 080 |
|
|
|a (075.8)
|2 MRF
|
| 245 |
0 |
0 |
|a Environmentální biotechnologie /
|c Peter Fečko ... [et al.]
|
| 260 |
|
|
|a Ostrava :
|b Vysoká škola báňská - Technická univerzita Ostrava, Hornicko-geologická fakulta, Institut environmentálního inženýrství,
|c 2004
|
| 300 |
|
|
|a 179 s. :
|b il., grafická znázornění ;
|c 28 cm
|
| 500 |
|
|
|a 300 výt.
|
| 504 |
|
|
|a Obsahuje bibliografii
|
| 500 |
|
|
|a Dostupné též v digitální podobě v aplikaci Kramerius
|
| 650 |
0 |
7 |
|a environmentální biotechnologie
|7 ph276449
|2 czenas
|
| 655 |
|
7 |
|a učebnice vysokých škol
|7 fd133772
|2 czenas
|
| 700 |
1 |
|
|a Fečko, Peter,
|d 1960-2012
|7 ola2002146715
|4 aut
|
| 856 |
4 |
1 |
|u http://www.digitalniknihovna.cz/mzk/uuid/uuid:b6a5fb20-0202-11e6-845a-005056827e51
|y Digitalizovaný dokument
|x NDK
|
| 910 |
|
|
|a BOA001
|b 3-1146.082
|
| 990 |
|
|
|a BK
|
| 991 |
|
|
|b 200502
|c NOV
|
| 996 |
6 |
|
|b 2610238964
|c 3-1146.082
|l MZK
|r Sklad / do 1 hodiny
|n 2
|p p.v.
|w 000756530
|u 000010
|a 1
|e BOA001
|j MZK50
|s P
|